Grootste Landen A-Z - Statistieken

Algemene statistieken
  • Deze quiz is 1.936 keer genomen
  • De gemiddelde score is 15 van 23
Antwoordstatistieken
Letter Oppervlakte
(km²)
Land % Correct
R 17.098.246 Rusland
96%
V 9.833.520 Verenigde Staten
92%
C 9.984.670 Canada
91%
B 8.510.346 Brazilië
90%
A 7.741.220 Australië
86%
I 3.287.263 India
83%
Q 11.586 Qatar
79%
F 643.801 Frankrijk
75%
K 2.724.910 Kazachstan
73%
M 1.964.375 Mexico
70%
Z 1.221.037 Zuid-Afrika
70%
D 2.344.858 DemocratischeRepubliek Congo
65%
U 176.215 Uruguay
65%
N 1.267.000 Niger
58%
H 112.492 Honduras
55%
J 527.968 Jemen
55%
L 1.759.540 Libië
52%
P 1.285.216 Peru
52%
S 2.149.690 Saoedi-Arabië
52%
E 1.104.300 Ethiopië
50%
O 603.550 Oekraïne
50%
T 1.284.000 Tsjaad
42%
G 267.668 Gabon
33%
Geen overeenkomende quizzen gevonden
Scoreverdeling
Procent van Mensen met Elke Score
Percentiel versus Aantal Correcte Antwoorden
Uw Scoregeschiedenis
U heeft deze quiz nog niet genomen